| 000 | 00368nam a22001577a 4500 | ||
|---|---|---|---|
| 003 | OSt | ||
| 005 | 20240222164006.0 | ||
| 008 | 190906b xxu||||| |||| 00| 0 eng d | ||
| 020 | _a9789383290406 | ||
| 040 | _cIIMT UNIVERSITY | ||
| 100 | _aRANDHAWA KABRA | ||
| 245 | _aREMEDIAL BIOLOGY | ||
| 260 |
_aNEW DELHI _bPEE VEE PUB _c2018 |
||
| 300 | _a744 | ||
| 942 |
_2ddc _c01 |
||
| 999 |
_c48854 _d48854 |
||